Štúdium výbuchových charakteristík vybraných druhov potravinárskych prachov
Saved in:
| Main Author: | |
|---|---|
| Other Authors: | |
| Format: | Manuscript Book |
| Language: | Slovak |
| Published: |
2017
|
| Subjects: | |
| Online Access: | http://is.stuba.sk/zp/portal_zp.pl?podrobnosti=126781 |
| Tags: |
No Tags, Be the first to tag this record!
|
MARC
| LEADER | 00000ntm a22000003a 4500 | ||
|---|---|---|---|
| 001 | stuzp63838 | ||
| 003 | SK-STU | ||
| 005 | 20170603210755.0 | ||
| 007 | ta | ||
| 008 | 150427s2015----xo-----f-mn---000-0-slo-d | ||
| 040 | |a STU |b slo | ||
| 041 | 0 | |a slo | |
| 100 | 1 | |a Chovancová, Veronika |u 065000 |k Z4 |4 aut |U MTF Materiálovotechnologická fakulta |T MTF Ústav integrovanej bezpečnosti |X 46972 |U M5000 |Y 85 |7 46972 | |
| 242 | 0 | 1 | |a Study of the explosion characteristics of selected types of food dusts |y eng |
| 245 | 1 | 0 | |a Štúdium výbuchových charakteristík vybraných druhov potravinárskych prachov |
| 260 | |c 2017 | ||
| 650 | 4 | |a rozvírený prach |2 slo | |
| 650 | 4 | |a výbuch |2 slo | |
| 650 | 4 | |a práškový cukor |2 slo | |
| 650 | 4 | |a dust powder |2 eng | |
| 650 | 4 | |a explosion |2 eng | |
| 650 | 4 | |a powdered sugar |2 eng | |
| 700 | 1 | |a Kuracina, Richard |u 065200 |k Z1 |4 ths |U MTF Ústav integrovanej bezpečnosti |T MTF Katedra bezpečnostného inžinierstva |X 38282 |U M5200 |Y 192 |7 A000038282 | |
| 856 | 4 | |u http://is.stuba.sk/zp/portal_zp.pl?podrobnosti=126781 | |
| 996 | |c M* DP-13147 |l MMSKP |s P |a 0 |w stuzp63838_0001 | ||